| 000 | 01078cam a22003137a 4500 | ||
|---|---|---|---|
| 003 | CHAP | ||
| 005 | 20220817040940.0 | ||
| 008 | 971013s1990 r 00010 d | ||
| 010 | _a3265 | ||
| 011 | _a4237 | ||
| 035 | _a3439 | ||
| 040 | _cCHAP | ||
| 090 | _aFolleto 12900 | ||
| 110 | _aInternational Crops Research Institute for the Semi-Arid Tropics | ||
| 245 | 0 |
_aCrop improvement in India _b: ICRISAT cultivars (sorghum, pearl millet, chickpea, pigeonpea, and groundnut) |
|
| 260 |
_aPatancheru, India : _bInternational Crops Research Institute for the Semi-Arid Tropics, _c1990 |
||
| 300 | _a[10] p. | ||
| 590 |
_aBATCH-UPD _b10 _c20130110 _lUCH01 _h1450 |
||
| 590 |
_aCONVERSION _b10 _c20130109 _lUCH01 _h1303 |
||
| 650 | 1 | 4 |
_aCacahuate _xMejoramiento. _916887 |
| 650 | 1 | 4 | _aCajanus indicus. |
| 650 | 1 | 4 |
_aCultivos _xMejoramiento. _930293 |
| 650 | 1 | 4 |
_aGarbanzo _xMejoramiento. _945619 |
| 650 | 1 | 4 |
_aMijo _xMejoramiento. _975653 |
| 650 | 1 | 4 |
_aSorgo _xMejoramiento. _9108694 |
| 901 | _aBK | ||
| 942 | _cFOLL | ||
| 949 |
_aFolleto 12900 _bBC _cFOLL _d-12957 _eTS1 _i3439 _mD _si |
||
| 999 |
_c3265 _d3265 |
||